Suosituimmat poikien etunimet vuosikymmenittäin - Statistics

Yleistilastot
  • Tätä visaa on pelattu 846 kertaa
  • Keskiarvotulos 102 / 200
Vastaustilastot
% Oikein
Juha
81%
Matti
77%
Mika
76%
Mikko
74%
Pekka
71%
Antti
70%
Lauri
69%
Jari
67%
Kalle
64%
Onni
64%
Ville
63%
Aleksi
62%
Joona
62%
Sami
62%
Eino
61%
Janne
61%
Leo
61%
Timo
61%
Heikki
60%
Kari
60%
Elias
58%
Jukka
58%
Niko
57%
Eero
56%
Markku
56%
Juho
55%
Tuomas
55%
Jani
54%
Väinö
54%
Eetu
53%
Hannu
52%
Jorma
52%
Pertti
52%
Seppo
52%
Erkki
51%
Johan
51%
Martti
51%
Mikael
51%
Pentti
51%
Veikko
51%
Joonas
50%
Jussi
50%
Leevi
50%
Matias
50%
Niilo
50%
Oliver
50%
Risto
50%
Eemil
49%
Emil
49%
Markus
49%
Veeti
49%
Esko
48%
Johannes
48%
Jarmo
47%
Joni
47%
Paavo
47%
Tomi
46%
Eeli
45%
Henri
45%
Vilho
45%
Petri
44%
Tommi
44%
Ari
43%
Jere
43%
Tero
43%
Marko
42%
Toivo
42%
Toni
42%
Pasi
41%
Raimo
41%
Viljo
41%
Harri
40%
Juuso
40%
Otto
39%
Reijo
39%
Arttu
38%
Joel
38%
Kimmo
38%
Yrjö
37%
Jouni
36%
Daniel
35%
Teemu
35%
Valtteri
35%
Jesse
34%
Lenni
34%
Anton
33%
Arto
33%
Niklas
33%
Reino
32%
Aatos
31%
Jouko
31%
Rasmus
29%
Vesa
29%
Otso
27%
Esa
26%
Noel
26%
Aarne
25%
Arvo
25%
Hugo
25%
Tauno
25%
Kauko
23%
Aarni
20%
Frans
16%
Karl
14%
Ehtoja vastaavia visoja ei löytynyt
Tulosjakauma
Jokaisen tuloksen saaneiden osuus
Persentiili vastausten määrän mukaan
Tuloshistoriasi
Et ole pelannut tätä visaa